Polish Language Concepts - Statistics

General Stats
  • This quiz has been taken 17 times
  • The average score is 9 of 13
Answer Stats
Hint Answer % Correct
Polish polski
90%
Poland polska
80%
English angielski
70%
Language jezyk
70%
French francuski
60%
Grammar gramatyka
60%
Northern Ireland irlandia polnocna
60%
German niemiecki
60%
South poludnie
60%
Word slowo
60%
East wschod
60%
West zachod
60%
United Kingdom zjednoczone
60%
No matching quizzes found
Score Distribution
Percent of People with Each Score
Percentile by Number Answered
Your Score History
You have not taken this quiz